Total petroleum systems of the Trias/Ghadames Province, Algeria, Tunisia, and Libya--the Tanezzuft-Oued Mya, Tanezzuft-Melrhir, and Tanezzuft-Ghadames /

Bibliographic Details
Main Author: Klett, T. R. (Timothy R.)
Corporate Author: Geological Survey (U.S.)
Format: Government Document eBook
Language:English
Published: Denver, Colo. : U.S. Dept. of the Interior, U.S. Geological Survey, [2000]
Edition:[Version 1.0].
Series:U.S. Geological Survey bulletin ; 2202-C.
Subjects:
Online Access:https://purl.fdlp.gov/GPO/LPS49874

MARC

Tag First Indicator Second Indicator Subfields
LEADER 00000cam a2200000Ia 4500
001 in00001854021
005 20211202202022.0
006 m d f
007 cr cn-
008 001214s2000 couab sb f000 0 eng d
035 |a (OCoLC)ocm45559365 
040 |a GIS  |c GIS  |d OCLCQ  |d GPO  |d MvI  |d UtOrBLW 
049 |a WWW 
074 |a 0620 (online) 
086 0 |a I 19.3:2202-C 
100 1 |a Klett, T. R.  |q (Timothy R.) 
245 1 0 |a Total petroleum systems of the Trias/Ghadames Province, Algeria, Tunisia, and Libya--the Tanezzuft-Oued Mya, Tanezzuft-Melrhir, and Tanezzuft-Ghadames /  |c by T.R. Klett. 
250 |a [Version 1.0]. 
264 1 |a Denver, Colo. :  |b U.S. Dept. of the Interior, U.S. Geological Survey,  |c [2000] 
336 |a text  |b txt  |2 rdacontent 
337 |a computer  |b c  |2 rdamedia 
338 |a online resource  |b cr  |2 rdacarrier 
490 1 |a U.S. Geological Survey bulletin ;  |v 2202-C 
538 |a Mode of access: Internet from the USGS Web site. Address as of 6/07/04: http://pubs.usgs.gov/bul/b2202-c/b2202c.pdf; current access is available via PURL. 
500 |a Title from PDF title screen (viewed on June 07, 2004). 
504 |a Includes bibliographical references. 
500 |a Electronic resource. 
650 0 |a Petroleum  |x Geology  |z Algeria. 
650 0 |a Petroleum  |x Geology  |z Tunisia. 
650 0 |a Petroleum  |x Geology  |z Libya. 
650 0 |a Petroleum  |x Prospecting  |z Algeria. 
650 0 |a Petroleum  |x Prospecting  |z Tunisia. 
650 0 |a Petroleum  |x Prospecting  |z Libya. 
710 2 |a Geological Survey (U.S.) 
830 0 |a U.S. Geological Survey bulletin ;  |v 2202-C. 
856 4 0 |u https://purl.fdlp.gov/GPO/LPS49874  |t 0 
999 |a MARS 
999 f f |s 75e3e1e5-5e85-3ba3-afb7-af32ae482877  |i ba05711e-57bb-361b-bfd2-2eb85579afb1  |t 0 
952 f f |a Texas A&M University  |b College Station  |c Electronic Resources  |d Available Online  |t 0  |e I 19.3:2202-C  |h Superintendent of Documents classification 
998 f f |a I 19.3:2202-C  |t 0  |l Available Online